000 00322nam a2200121Ia 4500
005 20260326100031.0
008 260326s9999||||xx |||||||||||||| ||und||
100 _aSamper Gnecco, Germán
245 0 _aCiudadela El Recreo /
_cGermán Samper Gnecco
260 _bPanamericana
650 _aARQUITECTURA REGIONAL
942 _cBK
999 _c6598
_d6598